| 000 | 01151nam a22002657a 4500 | ||
|---|---|---|---|
| 003 | BR-ViAPE | ||
| 005 | 20260518164609.0 | ||
| 008 | 260513s2004 porabcogsb||| 000 0 por d | ||
| 040 | _cBR-ViAPE | ||
| 245 |
_aViagem à província do Espírito Santo: _bimigração e colonização suíça 1860 |
||
| 250 | _bedição comemorativa aos 148 anos da imigração suíça no Espírito Santo | ||
| 260 |
_aVitória _bArquivo Público do Estado do Espírito Santo _c2004 |
||
| 300 |
_a173 p. _bil. |
||
| 300 | _bLivro disponível em PDF | ||
| 490 |
_aColeção Canaã _vv. 5 |
||
| 500 | _aObra disponibilizada em PDF por integrar a Coleção Canaã do APEES. | ||
| 650 |
_aImigrantes _xMigração _zSuíça _zEspírito Santo (Brasil) |
||
| 651 | _aEspírito Santo (Brasil) | ||
| 700 |
_aTschudi, Johann Jakob von _d1818 - 1889 _eautor |
||
| 700 |
_aFrond, Victor _d1821 - 1881 _efotógrafo |
||
| 700 |
_aFranceschetto, Cilmar _qautor de posfácio |
||
| 710 | _aArquivo Público do Estado do Espírito Santo | ||
| 856 |
_uhttps://ape.es.gov.br/Media/ape/PDF/Livros/Viagem_Provincia_ES_1860-1.pdf _yCLIQUE AQUI PARA ACESSAR O DOCUMENTO |
||
| 942 |
_2ddc _cBK _n1 |
||
| 999 |
_c650 _d650 |
||